000 00312nam a2200133Ia 4500
008 191201s2009 xx 000 0 und d
100 _aPORWAL, LM
245 0 _aLegal Regulatory Framework
250 _a2nd
260 _aN. Delhi
_bVrinda Publications
_c2009
300 _a827
650 _aMBA
942 _2ddc
_cBK
999 _c4776
_d4776